Strzelcy goli w 2. kolejce EURO 2024 - Statystyki

Ogólne statystyki
  • Ten quiz został rozwiązany 108 razy
  • Średni wynik to 15 z 27
Statystyki odpowiedzi
Mecz Strzelec % Poprawnych
Polska 1:1 Austria Krzysztof Piatek
94%
Niemcy 1:0 Węgry Jamal Musiala
87%
Dania 0:1 Anglia Harry Kane
80%
Hiszpania 1:0(Gol samobójczy) Włochy Riccardo Calafiori
76%
Polska 1:3 Austria Marko Arnautovic
73%
Belgia 2:0 Rumunia Kevin De Bruyne
71%
Turcja 0:3 Portugalia Bruno Fernandes
69%
Niemcy 2:0 Węgry İlkay Gündoğan
69%
Turcja 0:1 Portugalia Bernardo Silva
66%
Szkocja 1:1 Szwajcaria Xherdan Shaqiri
64%
Gruzja 1:0 Czechy Georges Mikautadze
58%
Szkocja 1:0 Szwajcaria Scott McTominay
58%
Chorwacja 1:1 Albania Andrej Kramaric
54%
Polska 1:2 Austria Christoph Baumgartner
52%
Belgia 1:0 Rumunia Youri Tielemans
52%
Gruzja 1:1 Czechy Patrik Schick
51%
Słowacja 1:0 Ukraina Ivan Schranz
49%
Polska 0:1 Austria Gernot Trauner
48%
Słowenia 1:1 Serbia Luka Jović
46%
Słowacja 1:2 Ukraina Roman Yaremchuk
45%
Dania 1:1 Anglia Morten Hjulmand
42%
Chorwacja 2:1(Gol samobójczy) Albania Klaus Gjasula
39%
Chorwacja 2:2 Albania Klaus Gjasula
39%
Chorwacja 0:1 Albania Qazim Laci
39%
Słowacja 1:1 Ukraina Mykola Shaparenko
27%
Turcja 0:2(Gol samobójczy) Portugalia Samet Akaydin
23%
Słowenia 1:0 Serbia Zan Karnicnik
20%
Nie znaleziono quizów pasujących do podanych kryteriów
Rozkład punktacji
Procent ludzi z każdym wynikiem
Percentyl według liczby udzielonych odpowiedzi
Twoja historia wyników
Nie rozwiązałeś tego quizu